| 000 | 00471 a2200169 4500 | ||
|---|---|---|---|
| 003 | Nust | ||
| 005 | 20170207153444.0 | ||
| 040 | _cNust | ||
| 082 | _a510 | ||
| 100 | _aAmin, Muhammad | ||
| 245 |
_aMathematical Methods _bB.A / B.Sc & Engineering Students _cProf. Muhammad Amin, Dr.S.M.Yusuf & Dr. Abdul Majeed |
||
| 250 | _a2nd ed | ||
| 260 |
_aLahore _bILMI Kitab Khan _c1996 |
||
| 300 |
_ax, 546 p _billus _c24 cm |
||
| 600 | _aAmin, Muhammad | ||
| 650 | _aMathematical Methods | ||
| 942 |
_2ddc _cBK |
||
| 999 |
_c186589 _d186589 |
||